Football Players First Professional Clubs - Statistics

General Stats
  • This quiz has been taken 30 times
    8 since last reset
  • The average score is 7 of 15
Answer Stats
Player First Club % Correct
Leonel Messi FC Barcelona
100%
Neymar Jr. Santos
100%
Kylian Mbappe AS Monaco
86%
Karim Benzema Olympique Lyonnais
86%
Harry Kane Tottenham Hotspur
86%
Vinicius Jr. Flamengo
57%
Thibaut Courtois K.R.C. Genk
43%
Zlatan Ibrahimovic Malmo FF
43%
Luka Modric Dinamo Zagreb
29%
Virgil Van Dijk Groningen
29%
Cristiano Ronaldo Sporting CP
29%
Erling Haaland Bryne
14%
Sadio Mane FC Metz
14%
Mohamed Salah Al Mokawloon Al Arab
0%
Robert Lewandowski Znicz Pruszkow
0%
No matching quizzes found
Score Distribution
Percent of People with Each Score
Percentile by Number Answered
Your Score History
You have not taken this quiz since the last reset